|
|
|
|
| LEADER |
00000nam a22000007a 4500 |
| 005 |
20220719215524.0 |
| 007 |
cr|||| |||| |
| 008 |
220719s2019 br |||||s|||| 00||0 por d |
| 020 |
|
|
|a 978-85-93741-58-6
|
| 035 |
|
|
|a 36732
|
| 040 |
|
|
|a vLex
|
| 090 |
|
|
|c 13582
|d 13582
|
| 100 |
1 |
|
|a Pelajo, Samantha
|
| 245 |
1 |
0 |
|a Comentr̀ios ̉Lei de mediaȯ̂
|h [Recurso electrn̤ico] :
|b estudos em homenagem aos 10 anos da comissô de mediaȯ̂ de conflitos da OAB-RJ /
|c Samantha Pelajo, Marcela Rodrigues Souza Figueiredo, Fernando Gama de Miranda Netto, Evandro Souza e Lima
|
| 256 |
|
|
|a Servicio en ln̕ea
|
| 260 |
|
|
|a Rio de Janeiro:
|b Editora Processo,
|c 2019
|
| 300 |
|
|
|a 1 recurso electrn̤ico
|
| 500 |
|
|
|a Receber um convite para prefaciar uma obra ̌sempre uma honra e um desafio. No caso presente, ainda ̌uma enorme alegria, considerando que a obra comemora os 10 anos de r̀duo e profc̕uo trabalho realizado pelos integrantes da Comissô de Mediaȯ̂ da OABRJ. Em tempos de tanta liquidez, como diria Bauman, um grupo nô perdura por tanto tempo, se nô for lastreado em pilares constitud̕os por material nobre em conhecimento, flexibilidade e obstinaȯ̂. Tais caracters̕ticas sô encontradas na obra intitulada Comentr̀ios ̉Lei de Mediaȯ̂: estudos em homenagem aos 10 anos da Comissô de Mediaȯ̂ da OABRJ, que se prope̳ a analisar e comentar o diploma legal que recentemente regulamentou a mediaȯ̂ em nosso pas̕. Com riqueza de conted︢o, os autores compartilham seus conhecimentos sobre cada tema, de maneira clara, simples e ao mesmo tempo profunda, enfrentando cada assunto com sensibilidade e coragem. Respeitando o desenho adotado pelo legislador, a obra se apresenta bem estruturada e agrega anexos de ordem pragmt̀ica, que a enriquecem e demonstram, felizmente, que a mediaȯ̂ nô se contm̌ somente no texto positivado. (...) Minhas breves palavras certamente nô retratam a riqueza da obra e servem tô somente como um convite ao leitor para que a absorva no seu tempo e a seu modo.
|
| 506 |
1 |
|
|a Disponible solo en los productos indicados
|d vLex Global
|d vLex Global (Academic Edition, excluding Law Schools)
|d vLex Global (U.S. Academic Edition, Law Schools)
|d vLex Global (U.S. Academic Edition, excluding Law Schools)
|d vLex Global (Academic Edition, Law Schools)
|
| 650 |
0 |
4 |
|a Arbitraje
|z Brasil
|
| 700 |
1 |
|
|a Rodrigues Souza Figueiredo, Marcela
|
| 700 |
1 |
|
|a Gama de Miranda Netto, Fernando
|
| 700 |
1 |
|
|a Souza e Lima, Evandro
|
| 740 |
0 |
|
|a vLex Libros (Servicio en ln̕ea)
|
| 856 |
4 |
0 |
|u https://app.vlex.com/#/sources/36732
|z Acceso restringido
|
| 942 |
|
|
|c BOOK
|
| 999 |
0 |
|
|a Arbitration
|